Retrouvez le titre de la musique disney pixar #5 - Statistiques

Statistiques générales
  • Ce quiz a été pris 307 fois
  • Le résultat moyen est 4 sur 12
Statistiques - réponses
Hint Paroles Réponses % Correct
6 L'horizon ou la mer touche le ciel et m'appelle, cache un trésor que tous ignorent. Le bleu lumière (Vaiana)
86%
5 Et personne n'a comme lui une fossette au menton, j'ai un corps d'Apollon du plomb dans la tête ! Gaston (La belle et la bête)
62%
10 J'avais pourtant appris la leçon mon coeur connaissait la chanson. Jamais je n'avouerai (Hercule)
55%
9 Un jour on s'aimera dans son château heureux s'en allant gouter au bonheur qui nous attend. Un jour mon prince viendra (Blanche neige et les 7 nains)
44%
11 J'ai compris, que si je veux rester ce que je suis, mes parents seront meurtris. Réflexion (Mulan)
42%
2 Même si ton coeur à l'âme en peine, il faut y croire quand même. Tendre rêve (Cendrillon)
38%
3 Tu as encore un long chemin à faire, votre altesse, tu peux me croire. Je voudrai déjà être roi (Le roi lion)
35%
7 Des torrents de rires en cascades, les tambours, nuit et jour résonnent l'amour. Au détour de la rivière (Pocahontas)
24%
1 Je n'ai pas toujours été gentille et sincère j'ai vraiment mérité le nom de sorcière. Pauvres âmes infortunées (La petite sirène)
15%
4 Un chemin pour nous, si tu plonges dans le passé prend garde de ne pas t'y noyer. La berceuse d'Ahtohallan (La reine des neiges 2)
13%
12 Tu finiras seul à table, oublié ou échoué sur le sable. Étrange, impossible à prévoir. Étrange bazar (Toy story)
6%
8 Ou les enfants peuvent aller rien qu'en fermant les yeux. Pays du merveilleux (Alice au pays des merveilles)
3%
Aucun quiz correspondant
Distribution des résultats
% des personnes avec chaque résultat
Percentile par nombre de réponses
Votre historique - résultats
Vous n’avez pas pris ce quiz